• 首页
  • 本馆介绍
  • 公告通知
  • 最新文献
  • 馆藏检索
  • 电子资源
  • 读者导购
  • 参考咨询
  • 我的图书馆
  • 登录
  • 详细信息显示
  • 放入我的书架
  • 预约/预借图书
  • 作者相关作品
  • 分类相关作品
  • 丛书相关作品
  • 出版社相关作品

书目信息

  • 表格格式
  • 工作单格式
  • 卡片格式
书名: Modelling and analysis of hybrid systems
作者: Duan Zhenhua
分册号:
分册名:
出版地: Beijing :
 
出版社: Science Press
出版时间: 2004.
页数: 124 p. :
开本: 26 cm.
丛书名:
中图分类号:
科图分类号:
其他分类号: TP35
主题词:
电子资源:
000 00852nam 2200265 a 4500
001 E0741116045
004 001123295
004 001123295
005 20070309112524.15
008 001 0 eng
008 4001uueng0000000
008 4001uueng0000000
020    @a7030139674.
040    @aCcBjTSG
090    @aTP35 @bD812
090    @aTP35
096    @aTP35
099    @dTP35@ex35
100 1  @aDuan, Zhenhua.
245 10 @aModelling and analysis of hybrid systems / @cDuan Zhenhua
260    @aBeijing :@bScience Press,@c2004.
300    @a124 p. :@bill. ;@c26 cm.
504    @aIncludes bibliographical references and index. @b01 @c20041230 @lNLC09 @h1759 @b40 @c20050518 @lNLC09 @h1443 @b40 @c20050518 @lNLC09 @h1443 @b40 @c20050606 @lNLC09 @h1416
852 0  @bWWDY @k2-2005 @hTP35 @iD812
852 0  @bWWJC @cJ09 @k2-2005 @hTP35 @iD812
    
    Modelling and analysis of hybrid systems / / Duan Zhenhua.-Beijing : : Science Press, , 2004.
    124 p. : : ill. ; ; 26 cm.
    Includes bibliographical references and index.
    
    ISBN 7030139674.
    
●
相关链接 在E读中查询图书 在五车中查询图书 在当当中查询图书 在豆瓣中查询图书


正题名:Modelling and analysis of hybrid systems     索取号:TP35/x35         预约/预借

序号 登录号 条形码 馆藏地/架位号 状态 备注
1 0001466   300014669   第二样本阅览室/ [索取号:TP35/x35] 在馆    
2 0001467   300014678   第四借阅区/ [索取号:TP35/x35] 在馆    
3 0001468   300014687   第四借阅区/ [索取号:TP35/x35] 在馆    
4 0001469   300014696   第四借阅区/ [索取号:TP35/x35] 在馆    
5 0001470   300014703   第四借阅区/ [索取号:TP35/x35] 在馆    
6 0001471   300014712   第四借阅区/ [索取号:TP35/x35] 在馆    
唐山师范学院图书馆 欢迎您!
大连网信软件有限公司© 版权所有